Logo Biblioteca

Las batallas por la identidad : (Registro nro. 143)

Detalles MARC
000 -LEADER
fixed length control field 01719nam a22002297a 4500
003 - CONTROL NUMBER IDENTIFIER
control field OSt
005 - DATE AND TIME OF LATEST TRANSACTION
control field 20241018181100.0
008 - FIXED-LENGTH DATA ELEMENTS--GENERAL INFORMATION
fixed length control field 231109s 2014ag ||||| |||| 00| 0 spa d
020 ## - INTERNATIONAL STANDARD BOOK NUMBER
International Standard Book Number 9789871912353
040 ## - CATALOGING SOURCE
Transcribing agency besoc
245 14 - TITLE STATEMENT
Title Las batallas por la identidad :
Remainder of title Visiones de Rosario /
Statement of responsibility, etc. Alicia Megías ... [et al.]
260 ## - PUBLICATION, DISTRIBUTION, ETC.
Place of publication, distribution, etc. Rosario :
Name of publisher, distributor, etc. emr,
Date of publication, distribution, etc. 2014
300 ## - PHYSICAL DESCRIPTION
Extent 163 p.
505 ## - FORMATTED CONTENTS NOTE
Title Forjadores de quimeras en el siglo XIX /
Statement of responsibility Alicia Megías --
Title El mito del centro laico /
Statement of responsibility Agustina Prieto --
Title Iglesia y política en los años 20 /
Statement of responsibility María Pía Martín --
Title Desenvueltas damas de las noches báquicas /
Statement of responsibility María Luisa Múgica --
Title La ciudad del puerto petrificado /
Statement of responsibility Pablo Montini.-
520 ## - SUMMARY, ETC.
Summary, etc. Durante la segunda mitad del siglo XIX Rosario se transformó en el paradigma nacional del progreso. Los ignotos inicios de la pequeña aldea, el acentuado mercantilismo de sus habitantes y el origen inmigratorio de gran parte de su población se tradujeron en los rasgos distintivos de la ciudad laboriosa, cosmopolita, liberal. Con la irrupción de nuevos actores a lo largo del siglo viejo y el siglo nuevo, la idiosincrasia de Rosario se activó en el conflicto. En esas batallas por la identidad coexistieron muchas ciudades: la liberal y la laica con la católica, la próspera con la decadente; la de la sensualidad y los placeres prohibidos con la puritana; la portuaria con la del puerto petrificado. Todas estas ciudades están en este libro. [Nota del editor]
651 #4 - SUBJECT ADDED ENTRY--GEOGRAPHIC NAME
Geographic name Rosario (Argentina)
General subdivision Historia
-- Identidad
Chronological subdivision Siglo XIX
-- Siglo XX
700 1# - ADDED ENTRY--PERSONAL NAME
Personal name Megías, Alicia
Relator term autor
700 1# - ADDED ENTRY--PERSONAL NAME
Personal name Prieto, Agustina
Relator term autor
700 1# - ADDED ENTRY--PERSONAL NAME
Personal name Martín, María Pía
700 1# - ADDED ENTRY--PERSONAL NAME
Personal name Múgica, María Luisa
942 ## - ADDED ENTRY ELEMENTS (KOHA)
Source of classification or shelving scheme Universal Decimal Classification
Koha item type Obra General
Suppress in OPAC No
Existencias
Withdrawn status Lost status Source of classification or shelving scheme Damaged status Not for loan Collection Home library Current library Date acquired Total checkouts Full call number Barcode Date last seen Price effective from Koha item type
    Universal Decimal Classification     Colección General Biblioteca Escuela de Ciencias Sociales Biblioteca Escuela de Ciencias Sociales 18/10/2024   94(821.6) M497 000005 18/10/2024 18/10/2024 Obra General
Biblioteca de la Escuela Preuniversitaria en Ciencias Sociales y Humanísticas.
Riobamba 250 bis.
CP 2000 - Rosario - Santa Fe
E-Mail: biblioteca@esociales.unr.edu.ar